| 000 | 00817nam a22002297a 4500 | ||
|---|---|---|---|
| 999 |
_c18809 _d18809 |
||
| 003 | AR-CdUCM | ||
| 008 | 190515b ||||| |||| 00| 0 spa d | ||
| 040 |
_aMUNICIPALIDAD PROVINCIAL DEL CUSCO _cBIBLIOTECA MUNICIPAL DEL CUSCO |
||
| 082 |
_a104 / _bR17 |
||
| 100 |
_aRamos Samuel _939632 |
||
| 245 | _aHacia un nuevo humanismo / | ||
| 260 |
_aBuenos Aires : _bFondo de cultura económica, _c1940. |
||
| 300 |
_a106 paginas : _c21 cm. |
||
| 440 |
_aDianola _939633 |
||
| 505 | _aContenido :La crisis del humanismo --Sobre el concepto de filosofía --Teoría de los objetos --Programa de una antropología filosófica ... | ||
| 650 |
_aHombre _9838 |
||
| 650 |
_aFilosofía _9395 |
||
| 650 |
_aValores _95705 |
||
| 650 |
_aEnsayos, conferencias, etc. _910020 |
||
| 942 |
_2ddc _cLIBROS |
||
| 945 |
_arjall _d2019-05-15 |
||